000 00859nam a2200265 i 4500
001 146439
003 ES-MaACL
005 20250629063130.0
007 t|
008 070910s1972 sp ||||1| spa d
080 _a860(8.03)-3.09"19"(04)
080 _a860-3.09"19"(04)
100 1 _aTovar, Antonio,
_d1911-1985
_9111167
245 1 0 _aNovela española e hispanoamericana /
_cAntonio Tovar.
250 _a[1ª ed.].
260 _aMadrid :
_bAlfaguara,
_c[1972]
300 _a337 p. ;
_c21 cm.
490 1 _aHombres, hechos e ideas ;
_v24
650 4 _aNovela hispanoamericana-
_xHistoria y crítica.
_915620
650 1 4 _aNovela española-
_xHistoria y crítica.
_915611
830 0 _aHombres, hechos e ideas ;
_v24
_9181583
852 _aES-MaACL
_jE-5892
_bR.90408
852 _aES-MaACL
_jC-48933
_bR.84892
999 _c146439
_d146439